Estatuts de la Federació de Municipis de Catalunya, aprovats a Manresa el 13 i 14 de novembre de 1981
Descripción Física:
15 p. ; 30 cm
MARC
| LEADER | 00000nam a2200000Ia 4500 | ||
|---|---|---|---|
| 001 | 12518 | ||
| 008 | 160829s9999 xx 000 0 cat d | ||
| 080 | |a FU-29-18 | ||
| 110 | |a Federació de Municipis de Catalunya |9 52168 | ||
| 245 | |a Estatuts de la Federació de Municipis de Catalunya, aprovats a Manresa el 13 i 14 de novembre de 1981 | ||
| 260 | |a [Barcelona] : |b Graó, DL 1981 | ||
| 300 | |a 15 p. ; |c 30 cm | ||
| 610 | 2 | 0 | |a Federació de Municipis de Catalunya |v Estatuts |9 56464 |
| 901 | |a Arxiu | ||
| 942 | |n 1 | ||
| 952 | |0 0 |1 0 |4 0 |6 FU2918 |7 1 |9 43171 |a Arxiu |b Arxiu |d 2016-12-01 |l 0 |o FU-29-18 |p 12518 |r 2016-12-01 00:00:00 |w 2016-12-01 |y ARXIU | ||
| 999 | |c 45715 |d 45715 | ||